000 01264nam0a22002891 4500
001 v19\rc\1959981
005 20251118181004.6
035 _a(NLR Aleph) 005043881
090 _a6822571
_c6822571
100 _a20080428d1913 u y0rusy50 ca
101 0 _arus
102 _aRU
105 _ay z |||||
200 1 _aСражение в Корейском проливе 14 и 15 мая 1905 года (при о-ве Цусима)
_eСообщение капитана 2 ранга М.И. Смирнова 3-го апреля 1913 г.
_fОфиц. арт. шк.
210 _aЦарск[ое Село]
_cЦентр. лито-тип. С.М. Боровкова
_d[1913]
215 _a7 с.
_d25
532 1 1 _aСражение в Корейском проливе четырнадцатого и пятнадцатого мая 1905 года (при о-ве Цусима)
700 1 _7ca
_8rus
_aСмирнов
_bМ. И.
_cконтр-адмирал
_f1880-1937
_gМихаил Иванович
_9128966
_3RU\NLR\AUTH\770128997
801 0 _aRU
_bNLR
_gpsbo
801 0 _aRU
_bRuMoRGB
_2psbo
801 1 _aRU
_bProSoft-M
_2rusmarc
852 _aNLR
_j18.259.9.51
899 _aRuMoRGB
_jΔ 13/302
899 _aRuMoRGB
_jU 272/659
942 _cBOOK
980 _aNB